Riconosci il Pokémon - Quiz n°343 - Statistics

Statistiche generali
  • Questo quiz è stato fatto 1 volte
  • Il punteggio medio è 9 su 10
Statistiche sulle risposte
Indizio Risposta % Corretto
Altezza 3,6 m (Forma Bimetamero); 4,5 m (Forma Trimetamero)
100%
Peso 39,2 kg (Forma Bimetamero); 47,4 kg (Forma Trimetamero)
100%
Tasso di cattura 45 (11.9%)
100%
Sesso 50% ♂, 50% ♀
100%
Abilità Leggiadro; Fugafacile; Paura
100%
Tasso di allevamento Medio-Veloce
100%
Generazione Nona
100%
Tipo Normale
100%
Stadio evoluzione Prima evoluzione
100%
Pokémon Dudunsparce
0%
Nessun quiz corrispondente trovato
Distribuzione punteggi
Percentuale di utenti per punteggio
Percentile per numero di risposta
I tuoi punteggi nel tempo
Non hai fatto questo quiz